[Event "Timisoara it"]
[Site "ROM"]
[Date "1987.??.??"]
[EventDate "1987.??.??"]
[Round "13"]
[Result "1/2-1/2"]
[White "Liang Jinrong"]
[Black "Xu Jun"]
[WhiteElo "2415"]
[BlackElo "2495"]
[PlyCount "27"]

1. e4 e5 2. Nf3 Nc6 3. Bb5 a6 4. Ba4 Nf6 5. O-O Be7 6. Re1 b5
7. Bb3 d6 8. c3 O-O 9. h3 Na5 10. Bc2 c5 11. d4 Qc7 12. Nbd2
cxd4 13. cxd4 Bd7 14. Nf1 1/2-1/2

[Event "Timisoara it"]
[Site "ROM"]
[Date "1987.??.??"]
[EventDate "1987.??.??"]
[Round "14"]
[Result "1-0"]
[White "Xu Jun"]
[Black "Jiri Nun"]
[WhiteElo "2495"]
[BlackElo "2445"]
[PlyCount "93"]

1. d4 Nf6 2. c4 c5 3. d5 b5 4. Nf3 Bb7 5. a4 bxc4 6. Nc3 g6
7. e4 d6 8. Bxc4 Bg7 9. O-O O-O 10. e5 dxe5 11. Nxe5 Nbd7
12. Nc6 Bxc6 13. dxc6 Ne5 14. Qxd8 Raxd8 15. Bb5 Nd5 16. Nxd5
Rxd5 17. Bf4 Rc8 18. Rfd1 e6 19. Rac1 c4 20. Ba6 Rxc6 21. Bb7
Rxd1+ 22. Rxd1 Rb6 23. Rd8+ Bf8 24. Bh6 Nd7 25. Bc8 Rxb2
26. Kf1 Rb8 27. Ke2 a5 28. h4 f5 29. Kd1 Kf7 30. Rxd7+ Ke8
31. Bxf8 Rxc8 32. Rxh7 Rd8+ 33. Kc2 Kxf8 34. Rh8+ Ke7 35. Rxd8
Kxd8 36. Kc3 Kc7 37. Kxc4 Kd6 38. Kb5 e5 39. Kxa5 Kc5 40. Ka6
e4 41. g3 Kc4 42. a5 Kd3 43. Kb5 Ke2 44. a6 Kxf2 45. a7 e3
46. a8=Q e2 47. Qa2 1-0

[Event "Timisoara it"]
[Site "ROM"]
[Date "1987.??.??"]
[EventDate "1987.??.??"]
[Round "15"]
[Result "1-0"]
[White "Ovidiu Doru Foisor"]
[Black "Xu Jun"]
[WhiteElo "2495"]
[BlackElo "2495"]
[PlyCount "75"]

1. d4 Nf6 2. c4 g6 3. Nc3 d5 4. Nf3 Bg7 5. Bg5 Ne4 6. Bh4 Nxc3
7. bxc3 c5 8. cxd5 cxd4 9. cxd4 Qxd5 10. e3 Nc6 11. Be2 e5
12. dxe5 Qa5+ 13. Qd2 Qxd2+ 14. Kxd2 Nxe5 15. Rab1 O-O 16. Nd4
Nc6 17. Nxc6 bxc6 18. Rhc1 Bf5 19. Bd3 Be6 20. Bc4 Bf5 21. Rb7
Be5 22. Bg3 Rad8+ 23. Ke2 Bxg3 24. hxg3 Rd7 25. Rxd7 Bxd7
26. Rb1 Be6 27. Bxe6 fxe6 28. g4 h5 29. gxh5 gxh5 30. Rc1 Rc8
31. Rc5 h4 32. Rc4 h3 33. gxh3 Kf7 34. Kf3 Ke7 35. h4 e5
36. h5 Kd6 37. Rh4 Rf8+ 38. Ke2 1-0

[Event "Thessaloniki olm"]
[Site "Thessaloniki olm"]
[Date "1988.??.??"]
[EventDate "?"]
[Round "07"]
[Result "1/2-1/2"]
[White "Gennady Sosonko"]
[Black "Xu Jun"]
[WhiteElo "2540"]
[BlackElo "2505"]
[PlyCount "49"]

1. d4 d5 2. Nf3 Nf6 3. c4 dxc4 4. Nc3 c5 5. d5 e6 6. e4 exd5
7. e5 Nfd7 8. Qxd5 Be7 9. Bxc4 O-O 10. Qe4 Nb6 11. Bb3 Nc6
12. O-O Be6 13. Bxe6 fxe6 14. Rd1 Qe8 15. Be3 Rd8 16. Rxd8
Qxd8 17. h3 Kh8 18. Na4 Nxa4 19. Qxa4 Qc7 20. a3 b6 21. b4 h6
22. Rc1 Nxe5 23. Nxe5 Qxe5 24. Qxa7 Bg5 25. Bxg5 1/2-1/2

[Event "Belgrade GMA op"]
[Site "YUG"]
[Date "1988.??.??"]
[EventDate "1988.??.??"]
[Round "?"]
[Result "1/2-1/2"]
[White "Anatoly Bykhovsky"]
[Black "Xu Jun"]
[WhiteElo "2445"]
[BlackElo "2505"]
[PlyCount "55"]

1. d4 Nf6 2. c4 e6 3. Nc3 Bb4 4. Qc2 c5 5. dxc5 Bxc5 6. Nf3
Nc6 7. Bg5 Nd4 8. Nxd4 Bxd4 9. e3 Qa5 10. exd4 Qxg5 11. Qd2
Qxd2+ 12. Kxd2 d6 13. Bd3 Bd7 14. Rhe1 O-O-O 15. b4 Kb8 16. a4
g5 17. f3 h5 18. Ne4 Nxe4+ 19. fxe4 f6 20. a5 Rhf8 21. Re2 Rf7
22. Rf1 f5 23. exf5 exf5 24. Rfe1 h4 25. Re7 Rdf8 26. g3 hxg3
27. hxg3 b6 28. axb6 1/2-1/2

[Event "Belgrade GMA op"]
[Site "YUG"]
[Date "1988.??.??"]
[EventDate "1988.??.??"]
[Round "?"]
[Result "1-0"]
[White "Xu Jun"]
[Black "Valery A Loginov"]
[WhiteElo "2505"]
[BlackElo "2455"]
[PlyCount "111"]

1. d4 Nf6 2. c4 g6 3. Nc3 Bg7 4. e4 d6 5. f3 O-O 6. Be3 a6
7. Nge2 Nc6 8. Qd2 Rb8 9. Nc1 e5 10. Nb3 exd4 11. Nxd4 Ne5
12. Rd1 c5 13. Nc2 Be6 14. Qxd6 Qxd6 15. Rxd6 Nxc4 16. Bxc4
Bxc4 17. Bxc5 Rfc8 18. Ba7 Ra8 19. Bd4 Ne8 20. Rb6 Bf8 21. Ne3
Nd6 22. a4 Be6 23. Kf2 Nc4 24. Rxb7 Na5 25. Ra7 Rab8 26. Rxa6
Nc6 27. Nb5 Nxd4 28. Nxd4 Rxb2+ 29. Kg3 Bc5 30. Rd1 Bd7
31. Nd5 Kg7 32. e5 Ra2 33. a5 Rb8 34. Nc3 Ra3 35. Ne4 Ba4
36. Rd2 Bb4 37. Rb6 Rxb6 38. axb6 Bxd2 39. Nxd2 Rd3 40. b7
Rxd4 41. b8=Q Rxd2 42. e6 Ra2 43. Qa7 h5 44. Qxf7+ Kh6 45. h4
Bb5 46. e7 Re2 47. Kf4 Bd7 48. Qd5 Ba4 49. Qd4 Rxe7 50. Qxa4
Rf7+ 51. Ke5 Kg7 52. Qd4 Rb7 53. Ke6+ Kh7 54. Kf6 Rc7 55. Qe4
Rg7 56. Kg5 1-0

[Event "Belgrade GMA op"]
[Site "YUG"]
[Date "1988.??.??"]
[EventDate "1988.??.??"]
[Round "?"]
[Result "1-0"]
[White "Xu Jun"]
[Black "Valentin Popa"]
[WhiteElo "2505"]
[BlackElo "2375"]
[PlyCount "116"]

1. d4 d6 2. e4 Nf6 3. Bd3 e5 4. c3 g6 5. Nf3 Nc6 6. h3 Bg7
7. O-O O-O 8. Nbd2 Nh5 9. Nb3 h6 10. Re1 Qf6 11. Bb5 Nd8
12. dxe5 dxe5 13. Nh2 Nf4 14. Ng4 Qg5 15. Nd2 h5 16. Nf3 Qe7
17. Ne3 c6 18. Bf1 b6 19. Nc4 Nb7 20. Bxf4 exf4 21. Qc1 b5
22. Ncd2 Bd7 23. e5 Rfe8 24. a4 a6 25. axb5 axb5 26. Rxa8 Rxa8
27. Ne4 Bxe5 28. Neg5 f6 29. Nxe5 fxe5 30. Qxf4 exf4 31. Rxe7
Bc8 32. Bd3 Nd6 33. Bxg6 Ra1+ 34. Kh2 Rf1 35. Re2 h4 36. Rd2
Nb7 37. Be4 Kg7 38. Bxc6 Kf6 39. Nf3 b4 40. cxb4 Rc1 41. Bd7
Nd8 42. Bxc8 Rxc8 43. Rd6+ Ke7 44. Rd2 Kf6 45. Nxh4 Ne6
46. Nf3 Rc4 47. h4 Rxb4 48. Kh3 Kf5 49. h5 Kf6 50. Kh4 Rb8
51. Nh2 Rc8 52. Ng4+ Ke7 53. b4 Rc1 54. Ne5 Rh1+ 55. Kg4 Rh2
56. f3 Kf6 57. Ng6 Ng7 58. Rd6+ Kf7 1-0

[Event "Belgrade GMA op"]
[Site "YUG"]
[Date "1988.??.??"]
[EventDate "1988.??.??"]
[Round "?"]
[Result "1/2-1/2"]
[White "Xu Jun"]
[Black "Gennadi Timoshchenko"]
[WhiteElo "2505"]
[BlackElo "2455"]
[PlyCount "190"]

1. d4 Nf6 2. c4 g6 3. g3 Bg7 4. Bg2 d5 5. cxd5 Nxd5 6. Nf3 O-O
7. O-O Nb6 8. Nc3 Nc6 9. d5 Na5 10. e4 c6 11. Bg5 h6 12. Bf4
Nac4 13. Qe2 cxd5 14. exd5 Bg4 15. Rac1 Rc8 16. b3 Nd6 17. Be5
Nd7 18. Bxg7 Kxg7 19. Rfe1 Re8 20. Qb2 Bxf3 21. Bxf3 Nf6
22. Ne2 Rxc1 23. Rxc1 Qd7 24. Nf4 Rc8 25. Re1 Rc7 26. Kg2 Kf8
27. Qd2 Kg7 28. h3 a6 29. Nd3 Nf5 30. Ne5 Qd6 31. Nc4 Qc5
32. Rd1 Nd6 33. Ne3 Qc3 34. Qe2 Qe5 35. Qd3 Rc3 36. Qd2 Rc7
37. Ng4 Nxg4 38. hxg4 Rc3 39. Rh1 g5 40. Re1 Qf6 41. Bd1 Kf8
42. a4 a5 43. Re3 Rxe3 44. Qxe3 b5 45. axb5 Nxb5 46. Qc5 Nc3
47. Bc2 Qe5 48. Qxa5 Nxd5 49. b4 Qd4 50. b5 e6 51. Qa3+ Kg7
52. Qf3 Qb4 53. Bd3 Nf6 54. Be2 Nd5 55. Qd3 Qc5 56. Bf3 Nb6
57. Bc6 Kg8 58. Qf3 Kg7 59. Qd3 Kg8 60. Qd1 Kg7 61. Qa1+ e5
62. Qa7 Kf8 63. Qb7 Qd4 64. Bf3 Qd6 65. Be4 Qc5 66. Qc6 Qxc6
67. Bxc6 Ke7 68. Kf3 f6 69. Ke4 Kd6 70. Kf5 Ke7 71. Kg6 Na4
72. Kxh6 Nb6 73. Kg6 Na4 74. Kf5 Nb6 75. f4 exf4 76. gxf4 gxf4
77. Kxf4 Kd6 78. Kf5 Ke7 79. Bf3 Nc4 80. Be2 Nb6 81. Ke4 Kd6
82. Kd4 Nd7 83. Kc4 Nb6+ 84. Kb4 Nd5+ 85. Ka5 Kc7 86. Bc4 Nb6
87. Be6 Na8 88. Kb4 Kd6 89. Bc4 Nb6 90. Be2 Nd5+ 91. Kc4 Nb6+
92. Kd4 Nd5 93. Bf3 Nb6 94. Be4 Nd7 95. Bc2 Nb6 1/2-1/2

[Event "Belgrade GMA op"]
[Site "YUG"]
[Date "1988.??.??"]
[EventDate "1988.??.??"]
[Round "2"]
[Result "1-0"]
[White "Marat Makarov"]
[Black "Xu Jun"]
[WhiteElo "2370"]
[BlackElo "2505"]
[PlyCount "57"]

1. d4 Nf6 2. c4 e6 3. Nc3 Bb4 4. e3 c5 5. Nge2 cxd4 6. exd4
O-O 7. a3 Be7 8. d5 exd5 9. cxd5 Re8 10. d6 Bf8 11. g3 Re6
12. Bf4 Nh5 13. Be3 Rxd6 14. Qc2 Nc6 15. Bg2 Nf6 16. O-O Re6
17. Rad1 d6 18. Nd4 Nxd4 19. Bxd4 Re8 20. Rc1 Nd7 21. Nb5 Nc5
22. Nxd6 Bxd6 23. Bxc5 Be5 24. b4 g6 25. Rfd1 Qc7 26. Qe4 f5
27. Qd5+ Qf7 28. Re1 Qxd5 29. Bxd5+ 1-0

[Event "Thessaloniki olm"]
[Site "GRE"]
[Date "1988.??.??"]
[EventDate "1988.11.13"]
[Round "2"]
[Result "1/2-1/2"]
[White "Yasser Seirawan"]
[Black "Xu Jun"]
[WhiteElo "2610"]
[BlackElo "2505"]
[PlyCount "381"]

1. d4 d5 2. c4 e6 3. Nf3 c5 4. cxd5 exd5 5. Bg5 Be7 6. Bxe7
Qxe7 7. dxc5 Qxc5 8. Nbd2 Nc6 9. Nb3 Qd6 10. g3 Nf6 11. Bg2
O-O 12. O-O Be6 13. Rc1 Rac8 14. Nbd4 Nxd4 15. Nxd4 Qb4
16. Rxc8 Rxc8 17. b3 h6 18. e3 Bg4 19. Qe1 Qa3 20. f3 Bd7
21. Qe2 a5 22. Rb1 h5 23. Bf1 g6 24. Rb2 b6 25. Rc2 Rxc2
26. Qxc2 Qd6 27. Qc3 Qe5 28. Qe1 Ne8 29. Qd2 Ng7 30. f4 Qd6
31. Bg2 Ne6 32. Ne2 Nc7 33. h3 Qc5 34. Kh2 Bf5 35. Nd4 Be4
36. g4 hxg4 37. hxg4 Nb5 38. Nxb5 Qxb5 39. g5 Bxg2 40. Kxg2
Qc5 41. Kf3 Qb5 42. Kf2 Qc5 43. Ke2 Kf8 44. Qb2 Qb5+ 45. Kd2
Qb4+ 46. Kd1 Qe4 47. Qh8+ Ke7 48. Qf6+ Kf8 49. Qxb6 Qb1+
50. Kd2 Qxa2+ 51. Ke1 Qa1+ 52. Ke2 Qb2+ 53. Kd3 Qb1+ 54. Kd4
Qe4+ 55. Kc3 Qh1 56. Kb2 Qd1 57. Qc5+ Ke8 58. Qc3 Qe2+ 59. Kc1
Qb5 60. Kd2 Kd7 61. Ke1 Ke8 62. Kd2 Kd7 63. Qf6 Ke8 64. Qe5+
Kd7 65. Qc3 Ke8 66. Kc2 Kd7 67. Qd4 Ke8 68. Qc3 Ke7 69. Qf6+
Kf8 70. Qd8+ Kg7 71. Qd6 Kg8 72. Qa3 Qb6 73. Kd3 Kg7 74. Qa1+
Kg8 75. Qc3 Qa6+ 76. Kd4 a4 77. bxa4 Qxa4+ 78. Kxd5 Qd7+
79. Kc4 Qe6+ 80. Kd3 Qd5+ 81. Qd4 Qb3+ 82. Ke2 Qc2+ 83. Kf3
Qb1 84. Ke2 Qc2+ 85. Qd2 Qb1 86. Qd8+ Kg7 87. Qd3 Qb7 88. Qd4+
Kg8 89. e4 Qb5+ 90. Kf2 Qb8 91. Ke3 Qb3+ 92. Qd3 Qb6+ 93. Kf3
Qg1 94. Qe3 Qf1+ 95. Kg3 Kh7 96. Qf2 Qd3+ 97. Qf3 Qd2 98. Kg4
Qd4 99. Qe2 Kg8 100. Kf3 Qc3+ 101. Qe3 Qc2 102. Qd4 Qc1
103. Qe3 Qd1+ 104. Kf2 Qc2+ 105. Qe2 Qc1 106. Kg3 Qg1+
107. Kf3 Qh1+ 108. Ke3 Qc1+ 109. Qd2 Qc5+ 110. Kf3 Qb5
111. Qd1 Qc6 112. Qd8+ Kg7 113. Qd2 Kg8 114. Qd8+ Kg7 115. Ke3
Qc1+ 116. Qd2 Qg1+ 117. Kd3 Qb1+ 118. Ke3 Qg1+ 119. Ke2 Qb1
120. Qc3+ Kg8 121. Qc8+ Kg7 122. Qc4 Kg8 123. e5 Qb2+ 124. Ke3
Qb6+ 125. Ke4 Qb7+ 126. Kd4 Qa7+ 127. Kd3 Qa3+ 128. Ke4 Qa8+
129. Ke3 Qa3+ 130. Kf2 Qb2+ 131. Kf3 Qa3+ 132. Ke2 Qb2+
133. Kd3 Qa3+ 134. Ke4 Qa8+ 135. Qd5 Qa4+ 136. Qd4 Qa8+
137. Ke3 Qa3+ 138. Qd3 Qc1+ 139. Qd2 Qa3+ 140. Kf2 Qb3
141. Qe3 Qc4 142. Kg3 Qd5 143. Qf3 Qc4 144. f5 gxf5 145. Qxf5
Qc1 146. Qf4 Qg1+ 147. Kh3 Qh1+ 148. Kg4 Qd1+ 149. Qf3 Qd4+
150. Kf5 Qd7+ 151. Ke4 Qc6+ 152. Kf4 Qc4+ 153. Qe4 Qf1+
154. Qf3 Qc4+ 155. Kg3 Qd4 156. Qf4 Qg1+ 157. Kf3 Qf1+
158. Kg4 Qd1+ 159. Qf3 Qd4+ 160. Kf5 Qd7+ 161. Ke4 Qc6+
162. Kf4 Qc4+ 163. Kg3 Qd4 164. Qe2 Qg1+ 165. Kh4 Qh1+
166. Kg4 Qg1+ 167. Kf5 Qb1+ 168. Kf4 Qc1+ 169. Qe3 Qc4+
170. Kg3 Qd5 171. g6 Qe6 172. gxf7+ Kxf7 173. Qc5 Qa6
174. Qf2+ Ke7 175. Qf5 Qh6 176. Kg2 Qg7+ 177. Kh3 Qh6+
178. Kg3 Qg7+ 179. Kh4 Qh6+ 180. Kg4 Qe6 181. Qxe6+ Kxe6
182. Kf4 Ke7 183. Kf5 Kf7 184. e6+ Ke7 185. Ke5 Ke8 186. Kf6
Kf8 187. Kf5 Ke7 188. Ke5 Ke8 189. Kd6 Kd8 190. e7+ Ke8
191. Ke6 1/2-1/2

[Event "Thessaloniki olm"]
[Site "GRE"]
[Date "1988.??.??"]
[EventDate "1988.11.13"]
[Round "5"]
[Result "1-0"]
[White "Xu Jun"]
[Black "Alon Greenfeld"]
[WhiteElo "2505"]
[BlackElo "2550"]
[PlyCount "155"]

1. d4 Nf6 2. c4 d6 3. Nc3 Nbd7 4. Nf3 c6 5. e4 e5 6. Be2 Be7
7. O-O a6 8. Rb1 O-O 9. b4 Qc7 10. Re1 Re8 11. Bf1 Nf8 12. h3
Bd7 13. Be3 Ng6 14. dxe5 Nxe5 15. Nxe5 dxe5 16. Na4 Be6
17. Bb6 Qc8 18. Qc2 Nd7 19. c5 Bd8 20. Bxd8 Qxd8 21. Bc4 Qg5
22. Bxe6 Rxe6 23. Rbd1 Nf8 24. Qd2 Qh5 25. Nb6 Rae8 26. Qe2
Qh4 27. Qg4 Qe7 28. Nc4 Rg6 29. Qf3 Ne6 30. Nd6 Nf4 31. Nxe8
Nxg2 32. Qxg2 Qxe8 33. Re3 Rxg2+ 34. Kxg2 h5 35. a3 a5
36. bxa5 Qa8 37. Rd7 Qxa5 38. Rf3 Qa4 39. Rfxf7 Qxe4+ 40. Kh2
Kh7 41. Rxb7 Kh6 42. Rbe7 Qd5 43. Rxg7 Qxc5 44. Rgf7 Kg6
45. a4 e4 46. Rg7+ Kh6 47. Rh7+ Kg6 48. Reg7+ Kf6 49. Rf7+ Ke6
50. Rf4 Qc2 51. Kg3 Qd3+ 52. Kh4 e3 53. Rh6+ Ke7 54. fxe3 Qxe3
55. Rhf6 c5 56. Rf3 Qe4+ 57. R6f4 Qe5 58. Rf5 Qd4+ 59. R5f4
Qd5 60. a5 Kd7 61. a6 Kc6 62. Rf7 Qe4+ 63. Kxh5 Qe5+ 64. Kh6
Kb5 65. a7 Qh8+ 66. Kg6 Qg8+ 67. Kh5 Qh8+ 68. Kg5 Qg8+ 69. Kh4
c4 70. R3f5+ Kb4 71. Rb7+ Kc3 72. Rff7 Kc2 73. Rfd7 Qe8
74. Re7 Qd8 75. Rbd7 Qh8+ 76. Kg5 c3 77. h4 Kb2 78. Rb7+ 1-0

[Event "Thessaloniki olm"]
[Site "GRE"]
[Date "1988.??.??"]
[EventDate "1988.11.13"]
[Round "6"]
[Result "1-0"]
[White "Xu Jun"]
[Black "Alonso Zapata"]
[WhiteElo "2505"]
[BlackElo "2480"]
[PlyCount "133"]

1. d4 Nf6 2. c4 d6 3. Nc3 Nbd7 4. Nf3 c6 5. e4 e5 6. Be2 Be7
7. O-O O-O 8. Re1 a6 9. Rb1 Re8 10. b4 exd4 11. Nxd4 Bf8
12. Bf1 c5 13. bxc5 Nxc5 14. f3 h6 15. Be3 Bd7 16. Qd2 Rc8
17. Nc2 Qa5 18. Bd4 Be7 19. Red1 Be6 20. Nd5 Qxd2 21. Nxe7+
Rxe7 22. Rxd2 Ne8 23. Ne3 g6 24. g4 f6 25. Kf2 Rcc7 26. Be2
Kf7 27. h4 Ng7 28. Ba1 Red7 29. Rbd1 Rc6 30. Rg1 Ne8 31. Rdd1
Ke7 32. Bc3 Kd8 33. Bd2 Rh7 34. Nd5 Bxd5 35. cxd5 Rc8 36. Be3
Nd7 37. a4 Rc2 38. Rc1 Ra2 39. Ra1 Rxa1 40. Rxa1 g5 41. a5 Ne5
42. f4 gxf4 43. Bxf4 Re7 44. Bxh6 Nf7 45. Be3 Rxe4 46. h5 Nc7
47. Rb1 Kc8 48. Bd3 Re7 49. Bf5+ Kb8 50. Rd1 Re5 51. Bg6 Nh8
52. Bf4 Rxd5 53. Rxd5 Nxd5 54. Bxd6+ Kc8 55. Bf5+ Kd8 56. Be4
Kd7 57. Bf8 Ke6 58. h6 b5 59. axb6 Nxb6 60. Bg7 Nf7 61. h7 Nc4
62. Bb1 Ke7 63. Ba2 Ncd6 64. Ke1 a5 65. Kd1 a4 66. Kc1 a3
67. Kb1 1-0

[Event "Thessaloniki olm"]
[Site "GRE"]
[Date "1988.??.??"]
[EventDate "1988.11.13"]
[Round "8"]
[Result "1-0"]
[White "Xu Jun"]
[Black "Constantin Ionescu"]
[WhiteElo "2505"]
[BlackElo "2465"]
[PlyCount "109"]

1. d4 Nf6 2. Nf3 e6 3. c4 b6 4. g3 Bb7 5. Bg2 Be7 6. O-O O-O
7. Nc3 Ne4 8. Bd2 Bf6 9. Rc1 d6 10. d5 Nxc3 11. Bxc3 Bxc3
12. Rxc3 e5 13. e4 a5 14. Ne1 Nd7 15. f4 Re8 16. f5 Ba6
17. Rf2 Qe7 18. h4 Rec8 19. Nc2 h6 20. Ne3 f6 21. g4 Rf8
22. b3 Nc5 23. Bf3 b5 24. cxb5 Bxb5 25. Rg2 Be8 26. Qd2 Rb8
27. Rc1 Rb4 28. Rc4 Rb5 29. Rg3 c6 30. g5 fxg5 31. hxg5 hxg5
32. Rh3 g6 33. Qh2 Qg7 34. Ng4 Rf7 35. Nh6+ Kf8 36. Nxf7 Bxf7
37. Rh8+ Bg8 38. dxc6 Rb6 39. fxg6 Rxc6 40. Rc1 Qxg6 41. Rh6
Qg7 42. Bg4 Ke7 43. Be6 Bxe6 44. Rh7 Qxh7 45. Qxh7+ Kd8
46. Qa7 Ra6 47. Qb8+ Bc8 48. a3 Rc6 49. Qb5 Kd7 50. Qxa5 Bb7
51. Rf1 Ra6 52. Rf7+ Ke6 53. Qc7 Bxe4 54. b4 Nb7 55. Rf8 1-0

[Event "Thessaloniki olm"]
[Site "GRE"]
[Date "1988.??.??"]
[EventDate "1988.11.13"]
[Round "9"]
[Result "1-0"]
[White "Johann Hjartarson"]
[Black "Xu Jun"]
[WhiteElo "2610"]
[BlackElo "2505"]
[PlyCount "153"]

1. d4 Nf6 2. c4 e6 3. Nc3 Bb4 4. Qc2 c5 5. dxc5 Bxc5 6. Nf3
Nc6 7. Bg5 Nd4 8. Nxd4 Bxd4 9. e3 Qa5 10. exd4 Qxg5 11. g3 O-O
12. Bg2 d6 13. O-O a6 14. Rad1 Rb8 15. Rfe1 Bd7 16. b4 Rfc8
17. c5 Bc6 18. Bxc6 Rxc6 19. Ne4 Nxe4 20. Qxe4 Qg6 21. Qf4 Qf6
22. Qxf6 gxf6 23. a3 Kf8 24. Kg2 dxc5 25. dxc5 Ke7 26. Rd4 a5
27. Red1 Rc7 28. Rd6 axb4 29. axb4 Ra8 30. R1d4 f5 31. Rh4 Rh8
32. Kf3 h6 33. Ke3 Rc6 34. Rhd4 Rc7 35. Kd3 Rb8 36. Rh4 Rc6
37. Rxc6 bxc6 38. Kc4 Ra8 39. Rxh6 Ra2 40. f4 Rc2+ 41. Kb3 Rc1
42. Rh8 Rb1+ 43. Kc3 Rc1+ 44. Kb2 Rg1 45. Kc2 Kd7 46. Ra8 Rg2+
47. Kc3 Rxh2 48. Ra7+ Kd8 49. Rxf7 Rh1 50. b5 Rc1+ 51. Kd4
cxb5 52. Ke5 Rxc5+ 53. Kxe6 Rc6+ 54. Kxf5 Rb6 55. Ra7 b4
56. Ra2 Ke7 57. Rb2 Kf7 58. Rb3 Rb8 59. Ke5 Kg6 60. g4 Kf7
61. f5 Kg7 62. g5 Rb5+ 63. Kf4 Kf7 64. Rd3 b3 65. g6+ Kf6
66. Rd6+ Ke7 67. Re6+ Kf8 68. f6 b2 69. g7+ Kf7 70. Re8 Kxe8
71. g8=Q+ Kd7 72. Qf7+ Kc6 73. Qc4+ Kb6 74. f7 Rf5+ 75. Kxf5
b1=Q+ 76. Qe4 Qf1+ 77. Ke6 1-0

[Event "Thessaloniki olm"]
[Site "GRE"]
[Date "1988.??.??"]
[EventDate "1988.11.13"]
[Round "11"]
[Result "1/2-1/2"]
[White "Kiril D Georgiev"]
[Black "Xu Jun"]
[WhiteElo "2595"]
[BlackElo "2505"]
[PlyCount "49"]

1. d4 Nf6 2. c4 e6 3. Nc3 Bb4 4. Qc2 c5 5. dxc5 Bxc5 6. Nf3
Nc6 7. Bf4 Qa5 8. e3 d5 9. Rd1 Bb4 10. a3 Bxc3+ 11. Qxc3 Qxc3+
12. bxc3 Bd7 13. Ne5 Rd8 14. Be2 Nxe5 15. Bxe5 dxc4 16. Bxc4
Bc6 17. Rd4 Nd7 18. Bg3 e5 19. Rd2 f6 20. f3 Nb6 21. Rxd8+
Kxd8 22. Bd3 Ke7 23. Ke2 Na4 24. Rc1 Nb2 25. c4 1/2-1/2

[Event "Manila PHI-CHN m"]
[Site "PHI"]
[Date "1989.??.??"]
[EventDate "1989.??.??"]
[Round "1.1"]
[Result "1/2-1/2"]
[White "Eugenio Torre"]
[Black "Xu Jun"]
[WhiteElo "2550"]
[BlackElo "2505"]
[PlyCount "25"]

1. e4 c5 2. Nf3 d6 3. d4 cxd4 4. Nxd4 Nf6 5. Nc3 a6 6. a4 g6
7. Be2 Bg7 8. O-O O-O 9. Kh1 Nc6 10. Nb3 Be6 11. f4 Na5 12. f5
Bc4 13. e5 1/2-1/2

[Event "Manila PHI-CHN m"]
[Site "PHI"]
[Date "1989.??.??"]
[EventDate "1989.??.??"]
[Round "3.1"]
[Result "0-1"]
[White "Eugenio Torre"]
[Black "Xu Jun"]
[WhiteElo "2550"]
[BlackElo "2505"]
[PlyCount "116"]

1. e4 c5 2. Nf3 d6 3. Bb5+ Nd7 4. d4 cxd4 5. Qxd4 Ngf6 6. Nc3
e6 7. Bg5 Be7 8. e5 dxe5 9. Nxe5 h6 10. Bxf6 gxf6 11. Nxd7
Bxd7 12. O-O-O Bxb5 13. Nxb5 Qxd4 14. Rxd4 O-O 15. Rd7 Bc5
16. f3 a6 17. Nc3 b5 18. Rhd1 f5 19. R1d3 Ra7 20. Rxa7 Bxa7
21. a4 Rb8 22. axb5 axb5 23. b4 Bg1 24. h3 Bh2 25. Kb2 Be5
26. Kb3 Kg7 27. Nb1 Kf6 28. Na3 h5 29. c4 bxc4+ 30. Nxc4 Bg3
31. Ka4 Rc8 32. Rc3 Ra8+ 33. Na5 Kg5 34. Rc5 Kf4 35. Rc7 Ke3
36. Rc2 e5 37. Kb3 e4 38. Nc4+ Kf4 39. fxe4 fxe4 40. b5 e3
41. b6 Ke4 42. Re2 Bf4 43. Kc3 Ra1 44. b7 Rc1+ 45. Kb3 Rb1+
46. Kc3 Rxb7 47. Rxe3+ Bxe3 48. Nd6+ Kd5 49. Nxb7 Bb6 50. Kb4
Kc6 51. Na5+ Bxa5+ 52. Kxa5 Kc5 53. g4 hxg4 54. hxg4 Kd5
55. Kb5 Ke5 56. Kc5 Kf4 57. Kd6 Kxg4 58. Ke5 f5 0-1

[Event "Manila PHI-CHN m"]
[Site "PHI"]
[Date "1989.??.??"]
[EventDate "1989.??.??"]
[Round "4.1"]
[Result "1/2-1/2"]
[White "Xu Jun"]
[Black "Eugenio Torre"]
[WhiteElo "2505"]
[BlackElo "2550"]
[PlyCount "94"]

1. d4 d5 2. c4 c6 3. Nc3 Nf6 4. Nf3 e6 5. Qb3 a5 6. e3 Be7
7. Be2 O-O 8. O-O Nbd7 9. Qc2 b6 10. e4 dxe4 11. Nxe4 Bb7
12. Rd1 Qc7 13. Nc3 Rac8 14. Bg5 Rfe8 15. Bh4 Qb8 16. Bg3 Bd6
17. Bxd6 Qxd6 18. Ne4 Nxe4 19. Qxe4 Nf6 20. Qe3 c5 21. dxc5
Qxc5 22. Qxc5 Rxc5 23. Nd4 Bc6 24. f3 Bd7 25. Nc2 Kf8 26. Ne3
Ke7 27. Kf2 Rd8 28. b3 Rcc8 29. Rd2 Be8 30. Rad1 Rxd2 31. Rxd2
Nd7 32. Nd1 Nc5 33. Ke3 f6 34. Nf2 e5 35. Ne4 Nb7 36. Nc3 Bc6
37. Bd3 Nc5 38. Bxh7 Rh8 39. Be4 Nxe4 40. Nxe4 Rxh2 41. Nd6
Bd7 42. Ne4 Rh8 43. Nc3 Rb8 44. Nd5+ Ke6 45. Nc7+ Ke7 46. Nd5+
Ke6 47. Nc7+ Ke7 1/2-1/2

[Event "Novi Sad olm"]
[Site "YUG"]
[Date "1990.??.??"]
[EventDate "1990.??.??"]
[Round "1"]
[Result "1-0"]
[White "Ivan Morovic-Fernandez"]
[Black "Xu Jun"]
[WhiteElo "2530"]
[BlackElo "2520"]
[PlyCount "68"]

1. Nf3 c5 2. c4 Nc6 3. Nc3 g6 4. e3 d6 5. d4 cxd4 6. exd4 Bg4
7. Be2 Bg7 8. O-O Nh6 9. d5 Bxf3 10. Bxf3 Ne5 11. Be4 O-O
12. b3 Nhg4 13. Bb2 Nf6 14. Bc2 a6 15. Qe2 Rc8 16. a4 Re8
17. a5 Ned7 18. Qd2 Qc7 19. Rfe1 Rb8 20. Na4 Ng4 21. Bxg7 Kxg7
22. Re2 Ngf6 23. Rae1 b5 24. axb6 Nxb6 25. Nc3 Qd8 26. Re3
Nbd7 27. Ne2 Ne5 28. Nd4 Rc8 29. h3 Qb6 30. Kh1 a5 31. f4 Nxc4
32. bxc4 Rxc4 33. Nc6 Qb2 34. R3e2 34... Rc5 1-0

[Event "Novi Sad olm"]
[Site "YUG"]
[Date "1990.??.??"]
[EventDate "1990.??.??"]
[Round "2"]
[Result "1-0"]
[White "Xu Jun"]
[Black "Sameer Sursock"]
[WhiteElo "2520"]
[BlackElo "2270"]
[PlyCount "55"]

1. d4 Nf6 2. Nf3 g6 3. c4 Bg7 4. Nc3 O-O 5. e4 d6 6. h3 c5
7. d5 e6 8. Bd3 exd5 9. cxd5 Re8 10. O-O a6 11. a4 Nfd7
12. Bf4 Ne5 13. Nxe5 Bxe5 14. Bxe5 dxe5 15. a5 Qd6 16. Na4 Nd7
17. Qc2 b5 18. axb6 Bb7 19. b4 Rec8 20. bxc5 Nxc5 21. Nxc5
Rxc5 22. Qb2 f5 23. f3 fxe4 24. fxe4 a5 25. Ra4 Rac8 26. Kh2
Rc3 27. Rf3 Bxd5 28. b7 1-0

[Event "Novi Sad olm"]
[Site "YUG"]
[Date "1990.??.??"]
[EventDate "1990.??.??"]
[Round "6"]
[Result "1/2-1/2"]
[White "Xu Jun"]
[Black "Ognjen Cvitan"]
[WhiteElo "2520"]
[BlackElo "2515"]
[PlyCount "55"]

1. Nf3 Nf6 2. c4 g6 3. Nc3 Bg7 4. e4 d6 5. d4 O-O 6. h3 e5
7. d5 Na6 8. Be3 Nh5 9. a3 f5 10. b4 Nb8 11. Rc1 Nd7 12. exf5
gxf5 13. Ng5 Ndf6 14. Be2 Qe8 15. Ne6 Bxe6 16. dxe6 f4 17. Bd2
e4 18. Bxh5 Nxh5 19. Nd5 e3 20. Bc3 f3 21. gxf3 Qxe6 22. Bxg7
Nxg7 23. Nxc7 Qg6 24. Nxa8 Qg2 25. Qd5+ Kh8 26. Rf1 Re8
27. Ke2 Ne6 28. Qxd6 1/2-1/2

[Event "Novi Sad olm"]
[Site "YUG"]
[Date "1990.??.??"]
[EventDate "1990.??.??"]
[Round "8"]
[Result "1/2-1/2"]
[White "Margeir Petursson"]
[Black "Xu Jun"]
[WhiteElo "2550"]
[BlackElo "2520"]
[PlyCount "72"]

1. d4 Nf6 2. c4 e6 3. Nc3 Bb4 4. Qc2 c5 5. dxc5 Nc6 6. Nf3
Bxc5 7. Bg5 Qa5 8. Rd1 Ng4 9. e3 Bb4 10. Be2 Nge5 11. Bf4
Bxc3+ 12. bxc3 Nxf3+ 13. gxf3 e5 14. Bg3 O-O 15. Rd5 Qc7
16. f4 d6 17. Qd2 Be6 18. Rxd6 Na5 19. c5 Qxc5 20. fxe5 Rac8
21. O-O Nc4 22. Bxc4 Qxc4 23. f4 Qxc3 24. f5 Qxd2 25. Rxd2 Bc4
26. Rf4 b5 27. Rfd4 a5 28. Rd7 a4 29. Bh4 b4 30. Be7 Rfe8
31. Bxb4 Rxe5 32. Rc7 Ree8 33. Rxc8 Rxc8 34. e4 f6 35. a3 Bb3
36. Rd4 h5 1/2-1/2

[Event "Beijing CHN-CIS m"]
[Site "CHN"]
[Date "1991.??.??"]
[EventDate "1991.??.??"]
[Round "?"]
[Result "0-1"]
[White "Ashot Anastasian"]
[Black "Xu Jun"]
[WhiteElo "2485"]
[BlackElo "2535"]
[PlyCount "62"]

1. d4 Nf6 2. Nf3 d6 3. c4 g6 4. Nc3 Bg7 5. Bf4 O-O 6. e3 c5
7. h3 cxd4 8. exd4 d5 9. Be5 Be6 10. Qb3 Nbd7 11. cxd5 Nxe5
12. dxe5 Nxd5 13. Rd1 Nxc3 14. Rxd8 Bxb3 15. Rxa8 Rxa8
16. axb3 Nd5 17. Bc4 Rd8 18. O-O e6 19. Rd1 Kf8 20. Bxd5 Rxd5
21. Rc1 Bxe5 22. Nxe5 Rxe5 23. Kf1 g5 24. Rc4 Kg7 25. h4 h6
26. hxg5 hxg5 27. g4 Kf6 28. Rc3 b6 29. Rd3 Rc5 30. Rd7 Rc2
31. Rxa7 Rxb2 0-1

[Event "Beijing CHN-CIS m"]
[Site "CHN"]
[Date "1991.??.??"]
[EventDate "1991.??.??"]
[Round "?"]
[Result "1/2-1/2"]
[White "Xu Jun"]
[Black "Armen Ambarcumjan"]
[WhiteElo "2535"]
[BlackElo "2345"]
[PlyCount "65"]

1. c4 e6 2. g3 d5 3. Bg2 Nf6 4. Nf3 Be7 5. O-O O-O 6. b3 c5
7. Bb2 Nc6 8. e3 b6 9. Qe2 Bb7 10. d3 Rc8 11. Rd1 Qc7 12. Nc3
dxc4 13. bxc4 Rfd8 14. Rac1 Rd7 15. d4 cxd4 16. exd4 Na5
17. Ne5 Bxg2 18. Nxd7 Qxd7 19. Kxg2 Nxc4 20. Ba1 Nd5 21. Nxd5
Qxd5+ 22. Qf3 b5 23. Qxd5 exd5 24. Bc3 b4 25. Be1 a5 26. h4 h5
27. Rb1 Rb8 28. Rd3 a4 29. Kh3 Bd6 30. g4 hxg4+ 31. Kxg4 Na3
32. Rb2 Nc4 33. Rb1 1/2-1/2